000
00314nam a2200133Ia 4500
005
20251222155127.0
008
251222s9999||||xx |||||||||||||| ||spa||
082
_a
INV. 03
100
_a
WHITE Ker.
245
0
_a
Investigación Sobre Servicios de Salud
250
_a
1ra. ed.
264
_b
OMS/OPS
942
_c
LIB
999
_c
38659
_d
38659